[Event "Invitation"]
[Site "http://www.queenalice.com/game.php?id=80421"]
[Date "2006.6.26"]
[Round "-"]
[White "zoso"]
[Black "CamilaAL"]
[Result "0-1"]
[WhiteElo "1035"]
[BlackElo "1014"]

1. Nf3 f6 2. g3 h5 3. e3 e5 4. e4 g5 5. Nc3 Nc6 6. d3 g4 7. Nd2 b5 8. Nxb5 Nge7
9. Bg2 Ba6 10. Nc3 Nd4 11. O-O Nf3+ 12. Nxf3 gxf3 13. Qxf3 Bg7 14. b3 Nc6 15.
Ba3 Nd4 16. Qe3 Nxc2 17. Qc1 Bxd3 18. Bb2 a5 19. Rd1 Nb4 20. a3 Bh6 21. f4 Bc2
22. axb4 Bxb3 23. Rf1 axb4 24. Nb5 c6 25. Nd6+ Ke7 26. Nb7 Qb6+ 27. Nc5 h4 28.
Qe3 d6 29. Rfc1 dxc5 30. Qxb3 hxg3 31. hxg3 exf4 32. Bxf6+ Kxf6 33. Qf3 Bg5 34.
gxf4 c4+ 0-1

[Event "Challenge"]
[Site "http://www.queenalice.com/game.php?id=82562"]
[Date "2006.7.4"]
[Round "-"]
[White "CamilaAL"]
[Black "MQueST"]
[Result "0-1"]
[WhiteElo "1100"]
[BlackElo "1500"]

1. d4 d5 2. e3 Nf6 3. g4 Bxg4 4. Bb5+ c6 5. f3 Bh5 6. Bd3 e6 7. Nc3 Bb4 8. a4
O-O 9. a5 Bxa5 10. Rxa5 Qxa5 11. Qd2 c5 12. e4 cxd4 13. h4 dxc3 14. bxc3 dxe4
15. fxe4 Nc6 16. Qf2 Qxc3+ 17. Bd2 Qa1+ 18. Bc1 Qxc1# 0-1

[Event "Challenge"]
[Site "http://www.queenalice.com/game.php?id=82573"]
[Date "2006.7.4"]
[Round "-"]
[White "CamilaAL"]
[Black "dkfuji"]
[Result "0-1"]
[WhiteElo "1100"]
[BlackElo "1721"]

1. d4 d5 2. Nf3 e6 3. b3 Bb4+ 4. Nbd2 Bc3 5. Ba3 Bxa1 6. Qxa1 c6 7. g4 Qa5 8.
Qb2 Nf6 9. Bh3 Ne4 10. Ne5 Qxd2+ 11. Kf1 f6 12. Kg2 fxe5 13. Bd6 Qxe2 14. Rf1
Nxd6 15. Qa3 Nb5 16. Qa5 Nxd4 17. Re1 Qf3+ 18. Kf1 Qxh3+ 19. Kg1 Nf3+ 0-1

[Event "PLAY ++"]
[Site "http://www.queenalice.com/game.php?id=82611"]
[Date "2006.7.5"]
[Round "-"]
[White "CamilaAL"]
[Black "bruno_santiago"]
[Result "0-1"]
[WhiteElo "1014"]
[BlackElo "1653"]

1. d4 Nf6 2. e3 g6 3. Nf3 Bg7 4. g3 d6 5. b4 O-O 6. Nc3 c6 7. Bh3 Bxh3 8. Ng1
Bg2 9. Nf3 Bxh1 10. Kd2 Bxf3 11. Qxf3 Na6 12. a3 Qc7 13. g4 Rad8 14. Nb5 cxb5
15. e4 Rc8 16. d5 Qxc2+ 17. Ke1 Nxe4 18. Qe3 Bxa1 19. a4 Bc3+ 20. Kf1 Bxb4 21.
Qxa7 Bc5 22. Qxb7 Qxf2# 0-1

[Event "Challenge"]
[Site "http://www.queenalice.com/game.php?id=82903"]
[Date "2006.7.5"]
[Round "-"]
[White "CamilaAL"]
[Black "MQueST"]
[Result "1/2-1/2"]
[WhiteElo "1014"]
[BlackElo "1500"]

1. d4 d5 2. Nf3 g6 3. Nc3 Bg7 4. Ne5 Nc6 5. f4 f6 6. Ng4 Bxg4 7. b3 e6 8. h3 Bf5
9. e3 Nge7 10. e4 dxe4 11. g4 Bxg4 12. hxg4 Nxd4 13. Nxe4 f5 14. gxf5 exf5 15.
Nc5 Nf3+ 16. Qxf3 Bxa1 17. Nxb7 Qd7 18. Bd3 O-O 19. O-O Bd4+ 20. Rf2 Bxf2+ 21.
Kxf2 c6 22. Nc5 Qd4+ 23. Be3 Qd6 24. a4 Nd5 25. Bd4 Nxf4 26. Bc4+ Nd5 27. b4
Qh2+ 28. Kf1 Rad8 29. b5 Rfe8 30. bxc6 Kf8 31. Bxd5 Rxd5 32. Qxd5 Qe2+ 33. Kg1
Qd1+ 34. Kh2 Qxc2+ 35. Kg3 Qxa4 36. Nxa4 Re4 37. Qxe4 fxe4 38. Nc5 Ke7 39. Nxe4
Kd8 40. Bxa7 Kc7 41. Nf6 Kxc6 42. Kf4 h6 43. Ng8 g5+ 44. Ke5 h5 45. Ne7+ Kd7 46.
Nf5 h4 47. Nd6 h3 48. Ne4 g4 49. Bg1 Ke7 50. Kf5 Kd7 51. Kxg4 Kc6 52. Kxh3 Kd5
53. Nf6+ Ke6 54. Bd4 Kf7 55. Nh5 Ke6 56. Nf4+ Kf5 57. Kg3 Ke4 58. Bf2 Kf5 59.
Be3 Ke4 60. Nd5 Kxd5 61. Kf4 Ke6 1/2-1/2

[Event "Challenge"]
[Site "http://www.queenalice.com/game.php?id=82904"]
[Date "2006.7.5"]
[Round "-"]
[White "CamilaAL"]
[Black "dropdead"]
[Result "0-1"]
[WhiteElo "1040"]
[BlackElo "1264"]

1. d4 e6 2. Nc3 Qf6 3. Ne4 Qd8 4. c4 d5 5. Nh3 dxe4 6. Qc2 Na6 7. Qxe4 f5 8. Bg5
Qd7 9. Nf4 fxe4 10. c5 Qxd4 11. Rd1 Qxb2 12. a4 Bxc5 13. e3 Nb4 14. Bb5+ c6 15.
Rd8+ Kf7 16. Bc4 Qc3+ 17. Rd2 Qxc4 18. Rd8 Nc2+ 19. Kd1 e5 20. Rd7+ Bxd7 21. f3
Bb4 22. fxe4 Na1 23. Nh5 Qc2# 0-1

[Event "Challenge"]
[Site "http://www.queenalice.com/game.php?id=82905"]
[Date "2006.7.5"]
[Round "-"]
[White "CamilaAL"]
[Black "Alexandredasilvagomes"]
[Result "0-1"]
[WhiteElo "1100"]
[BlackElo "1284"]

1. e3 e5 2. c4 Nf6 3. Nc3 Nc6 4. e4 Bc5 5. Na4 Bd4 6. Nf3 Nxe4 7. c5 Bxf2+ 8.
Ke2 Bxc5 9. Nxc5 Nxc5 10. d4 exd4 11. Bg5 f6 12. Bh4 Qe7+ 13. Kd2 Qe3+ 14. Kc2
Nb4+ 15. Kb1 Qe4+ 16. Kc1 O-O 17. Nxd4 Qxh4 18. Nb5 Qf4+ 19. Kb1 c6 20. Nc7 Qxc7
21. Bc4+ d5 22. Be2 Bf5+ 23. Kc1 Nc2 24. Kb1 Ne3+ 25. Kc1 Nxd1 26. Bxd1 Qf4# 0-1

[Event "Challenge"]
[Site "http://www.queenalice.com/game.php?id=83481"]
[Date "2006.7.7"]
[Round "-"]
[White "CamilaAL"]
[Black "Alexandredasilvagomes"]
[Result "0-1"]
[WhiteElo "1057"]
[BlackElo "1353"]

1. e4 e6 2. Nf3 d5 3. d3 c5 4. b3 Nc6 5. a4 Nge7 6. h4 dxe4 7. dxe4 Qxd1+ 8.
Kxd1 Bd7 9. a5 Nb4 10. Nc3 Rd8 11. Nb5 Bxb5+ 12. Bd2 Bxf1 13. Rxf1 Nec6 14. Ng5
Be7 15. c3 Bxg5 16. hxg5 Nd3 17. f4 O-O 18. Rf3 Rd7 19. Kc2 c4 20. bxc4 Nc5 21.
Be3 Nxe4 22. a6 b6 23. c5 Nxc5 24. g6 fxg6 25. f5 gxf5 26. g4 Ne5 27. Bf4 Nxf3
28. Re1 Nxe1+ 29. Kb2 Ncd3+ 30. Kb3 Nxf4 0-1

[Event "Challenge"]
[Site "http://www.queenalice.com/game.php?id=83889"]
[Date "2006.7.8"]
[Round "-"]
[White "marcos_excel"]
[Black "CamilaAL"]
[Result "1-0"]
[WhiteElo "1246"]
[BlackElo "1035"]

1. e4 d6 2. d4 Nf6 3. e5 Nfd7 4. exd6 cxd6 5. Bc4 Nb6 6. Nd2 Nc6 7. Qf3 Nxd4 8.
Bxf7+ Kd7 9. Qg4+ Kc7 10. Qxd4 Bf5 11. Nc4 Bxc2 12. Nxb6 axb6 13. Qc3+ Kb8 14.
Qxc2 g6 15. Qc3 e5 16. Bf4 Qd7 17. Bd5 Qb5 18. O-O-O exf4 19. Qxh8 Ka7 20. Qxh7
Qe8 21. Qxb7# 1-0

[Event "Challenge"]
[Site "http://www.queenalice.com/game.php?id=83934"]
[Date "2006.7.8"]
[Round "-"]
[White "CamilaAL"]
[Black "gerajpb"]
[Result "0-1"]
[WhiteElo "1014"]
[BlackElo "1757"]

1. c4 e5 2. e3 Nf6 3. Nc3 Bb4 4. Nf3 e4 5. d4 exf3 6. Qxf3 Bxc3+ 7. bxc3 O-O 8.
e4 Nxe4 9. Qxe4 Re8 10. Qxe8+ Qxe8+ 11. Be3 d6 12. Bd3 Qa4 13. O-O Qa3 14. Rfc1
Nd7 15. c5 dxc5 16. Bf4 cxd4 17. Re1 Qxc3 18. Re8+ Nf8 19. Rc1 Qxd3 20. Bxc7 Qd2
21. Bf4 Qxf4 22. Rd1 Bh3 23. Rd8 Rxd8 24. gxh3 Qf3 25. Rb1 Rd6 26. Rxb7 Rg6+ 27.
Kf1 Qd1# 0-1

[Event "Challenge"]
[Site "http://www.queenalice.com/game.php?id=84535"]
[Date "2006.7.10"]
[Round "-"]
[White "CamilaAL"]
[Black "Alexandredasilvagomes"]
[Result "0-1"]
[WhiteElo "1020"]
[BlackElo "1338"]

1. d4 d5 2. e3 Nf6 3. g3 e6 4. Bg2 Bd6 5. Nh3 O-O 6. O-O b6 7. Nc3 Ba6 8. Re1
Nbd7 9. Nf4 Bxf4 10. exf4 c5 11. b3 cxd4 12. Qxd4 Nc5 13. Bb2 Qc7 14. f5 exf5
15. Re5 Rad8 16. Rxf5 Nce4 17. Na4 Qxc2 18. Rc1 Qd3 19. Qb4 Nc5 20. Rf3 Qg6 21.
Nxc5 bxc5 22. Qxc5 Rc8 23. Qxa7 Rxc1+ 24. Bxc1 Be2 25. Re3 Bg4 26. Bf3 Bxf3 27.
Rxf3 Qb1 28. Rc3 Ne4 29. Qa5 Nxc3 30. Qxc3 d4 31. Qd2 Rc8 32. Qxd4 Qxc1+ 33. Kg2
Re8 34. a4 Qa3 35. Qc4 Rb8 36. h4 Qxb3 37. Qc7 Qb7+ 38. Qxb7 Rxb7 39. h5 Ra7 40.
h6 gxh6 41. f4 Rxa4 42. f5 h5 43. Kh3 Kg7 44. Kg2 Kf6 45. g4 hxg4 46. Kg3 Kxf5
47. Kh4 Kf4 48. Kh5 Ra6 49. Kh4 Kf3 50. Kg5 g3 0-1

[Event "Challenge"]
[Site "http://www.queenalice.com/game.php?id=89224"]
[Date "2006.7.25"]
[Round "-"]
[White "patrick"]
[Black "CamilaAL"]
[Result "1-0"]
[WhiteElo "1241"]
[BlackElo "1053"]

1. g3 d5 2. Nc3 Nf6 3. Bh3 c6 4. e3 b5 5. a4 e5 6. axb5 Nbd7 7. bxc6 Nc5 8. d4
Na6 9. dxe5 Ne4 10. Nb5 Bb4+ 11. c3 Bc5 12. Nd6+ Ke7 13. Qxd5 Rb8 14. Qxf7# 1-0

[Event "Geraldo"]
[Site "http://www.queenalice.com/game.php?id=94597"]
[Date "2006.8.11"]
[Round "-"]
[White "gerajpb"]
[Black "CamilaAL"]
[Result "1-0"]
[WhiteElo "1817"]
[BlackElo "1015"]

1. e4 d6 2. d4 Nf6 3. Nc3 c6 4. Bc4 b5 5. Bb3 a5 6. a3 e6 7. Bg5 Be7 8. Nf3 h6
9. Bh4 O-O 10. e5 Nd5 11. Bxe7 Nxe7 12. exd6 Qxd6 13. Qe2 Ba6 14. Ne4 Qc7 15.
Nc5 Nd5 16. Ne5 Nf4 17. Qf3 g5 18. g3 Nd5 19. h4 f6 20. Nxe6 Qb6 21. Qh5 fxe5
22. Qg6+ Kh8 23. Qg7# 1-0